000 02101nam a2200241 a 4500
001 000048674
005 20201002061323.0
008 190408s2016 dr ac 000 0 spa d
020 _a9789945084238 (v.1)
020 _a9789945085815 (v.2)
020 _a9789945085969 (v.3)
020 _a9789945085839 (v.4)
040 _aDO-SdBNP
_bspa
_cBNPHU
082 _axx
_bxx
100 1 _aJiménez Ramírez, Luz Ángeles
_976116
245 1 0 _aAcademia de educación financiera /
_cLuz Ángeles Jiménez Ramírez; colaborador Miguel Ángel Jiménez.
260 _aSanto Domingo :
_bBanco Central,
_c2016.
300 _a4v. :
_bils., retrs. ;
_c29 cm.
505 0 _av. 2 : el dinero y la banca --
_tProductos bancarios de captaciones --
_tProductos bancarios de colacociones --
_tLo que no puede hacer con el dinero --
_tIngesos, gastos, ahorro e inversión --
_tInteligencia financiera --
_tEstados financieros --
_tPlanificación financieras --
_tPlanificación extratégica --
_tRuta para alcanzar el éxito personal --
_tBibliografía.
_gv. 1 :
_tHistoria del comercio --
_tetapas del desarrollo económico en la humanidad --
_tEl dinero --
_tIngresos --
_tAhorro--
_tGastos personales --
_tInversión --
_tFinanzas personales --
_tNotas.
_tBibliografía.
_gv. 3 :
_tDesarrollo de la globalización, internet, comercio electrónico y redes sociales --
_tGeneración de ingresos --
_tLa banca en la República Dominicana --
_tGeneración de ingresos --
_tMedios de pago--
_tModalidades de crédito --
_tManejo de las deudas --
_tBosa de valores --
_tDeduciones fiscales --
_tInflación --
_tEl emprendimiento.
_gv. 4 :
_tAdministración del dinero --
_tIngesos y gastos --
_tImpuestos en la República Dominicana --
_tActivo, pasivos y capital --
_tPlanificación financiera y su relación con los estados financiero--
_tAhorro e inversiones como elementos claves para la libertad financiera --
_tInteligencia financiera --
_tEl empleo --
_tSer emprendedor o empresario --
_tLa empresa --
_tInclusión financiera.
504 _aBibliografía : p. 93-94
590 _aInventariado, 2019/VM
700 1 _aJiménez, Miguel Ángel
_ecolaborador
_925134
999 _c48162
_d48162